Largest Land Borders with Serbia in Order - Statistics

General Stats
  • This quiz has been taken 19 times
  • The average score is 7 of 8
Answer Stats
mi country km % Correct
296 Romania 476
100%
188 Bosnia and Herzegovina 302
81%
198 Bulgaria 318
81%
150 Croatia 241
81%
77 Montenegro 124
81%
39 North Macedonia 62
81%
94 Hungary 151
75%
219 Kosovo 352
75%
No matching quizzes found
Score Distribution
Percent of People with Each Score
Percentile by Number Answered
Your Score History
You have not taken this quiz